| 000 | 00462cam a22001934a 4500 | ||
|---|---|---|---|
| 005 | 20250605164332.0 | ||
| 008 | 250528s ||||||||||||||||||||||||d | ||
| 035 | _a23289 | ||
| 020 | _a435654365 | ||
| 040 |
_aGR-AtMCL _bgre _dGR-AtMCL _eAACR2 |
||
| 245 | 1 | _aRevision notes in advanced level chemistry | |
| 250 | _a2nd | ||
| 260 |
_bHeinemann, _c1979 |
||
| 300 | _a159 | ||
| 700 | 1 |
_aHoldreness A _98873 |
|
| 942 | _cBK | ||
| 999 |
_c8316 _d8316 |
||